Establecimiento de una plataforma de Fault Grading para bloques específicos de un microprocesador /

Guardado en:
Detalles Bibliográficos
Autor principal: Perfecto Reyes, Gerardo J. (autor)
Otros autores: Feuchter Vázquez, Federico (autor) (autor), Salazar López, Erik G. (autor) (autor)
Formato: Tesis Libro
Idioma:Español
Temas:
Etiquetas: Agrega una etiqueta
Sin etiquetas, Sé el primero en etiquetar este registro!

MARC

LEADER 00000nam^a2200000^a^4500
001 000280328
005 20250521000000.0
009 20260310111503.37
037 |a Acervo ITESO - Biblioteca 
041 |a ESP 
090 |a EDC. 13 
100 |a Perfecto Reyes, Gerardo J.  |e (autor) 
245 1 0 |a Establecimiento de una plataforma de Fault Grading para bloques específicos de un microprocesador /  |c G.J. Perfecto Reyes, F. Feuchter Vázquez, E.G. Salazar López. 
264 |a Guadalajara, México :  |b edición de autor,  |c 2008 
300 |a 1 disco compacto de computadora 
336 |a datos para computadora  |b cod  |2 rdacontenido 
337 |a computadora  |b c  |2 rdamedio 
338 |a disco de computadora  |b cd  |2 rdasoporte 
502 |a ITESO Reporte de Especialidad en Diseño de Circuitos Integrados 
649 |a XX 
650 |a Microprocesadores -  |x Tema Principal 
650 |a Circuitos Integrados -  |x Prueba y Medición -  |x Tema Principal 
650 |a Electrónica Digital 
650 |a Ingeniería Electrónica 
700 |a Feuchter Vázquez, Federico  |e (autor) 
700 |a Salazar López, Erik G.  |e (autor) 
910 |a Fondo General 
920 |a Electrónicos - Tesis del ITESO en Disco 
905 |a 202 
901 |a 0500167207  |b IT2  |c STS  |u 20250521 
902 |a https://opac.biblio.iteso.mx/vufind/Record/000280328